000 00491nam a2200169Ia 4500
008 231221s9999 xx 000 0 und d
020 _a9790000000000
041 _aEnglish
082 _a621.38415 HIL;6
100 _aHillebrand, Friedhelm ed.
245 0 _aGSM and UMTS : the creation of global mobile communications
260 _c2002
_bJohn wiley and sons
_aNew Delhi
300 _aviii, 582
300 _c70287
650 _aGSM,UMTS,creation,global,communications
942 _cCD
999 _c211806
_d211806